000 00537nam a2200181Ia 4500
008 151202s9999||||xx |||||||||||||| ||und||
082 _bPNVM-28612
100 _aकाणेकर अनंत.
245 _aप्रकाशाची दारे.
260 _b---
260 _c0
300 _a0
600 _aकाणेकर अनंत.
630 _aप्रकाशाची दारे.
700 _aकाणेकर अनंत.
730 _aप्रकाशाची दारे.
942 _cBOOK
999 _c1294580
_d1294577